000 00297nam a22001337a 4500
008 170622b xxu||||| |||| 00| 0 eng d
020 _a0863720730
041 _aeng
080 _a94
100 _a16
101 _aSHH
245 _aIRAQ, THE GULF STATES & THE WAR
_cNONNEMAN,G
942 _2udc
_cBK
999 _c18625
_d18625